Healing as Empowerment (Record no. 18239)

MARC details
000 -LEADER
fixed length control field 00598nam a2200229 a 4500
020 ## - INTERNATIONAL STANDARD BOOK NUMBER
ISBN
082 00 - DEWEY DECIMAL CLASSIFICATION NUMBER
Classification number 234.13
Author Cutter JES
100 ## - MAIN ENTRY--AUTHOR NAME
Author name Jesudasan, Usha
245 ## - TITLE STATEMENT
Title Healing as Empowerment
Sub title Discovering Gracein Community
260 ## - PUBLICATION, DISTRIBUTION, ETC. (IMPRINT)
Place of publication Geneva
Name of publisher World Council of Churches
Year of publication 2005
300 ## - PHYSICAL DESCRIPTION
Number of Pages 92p.
500 ## - GENERAL NOTE
General note includes index and biblioraphy
505 2# - FORMATTED CONTENTS NOTE
Formatted contents note Reports of the Conference
650 ## - SUBJECT ADDED ENTRY--TOPICAL TERM
Topical Term Healing-Religious
942 ## - ADDED ENTRY ELEMENTS (KOHA)
Koha item type Books
Holdings
Collection code Home library Current library Date acquired Cost, normal purchase price Full call number Accession Number Koha item type
  Henry Martyn Institute Library Henry Martyn Institute Library 08/16/2005 0.00 234.13 JES 11001788 Books
                   Copyright © 2026 | Henry Martyn Institute | Hyderabad | TS-500052 | INDIA | Implemented by hmi.edu.in
Hit-Count:

Powered by Koha